|
|
|
|
| LEADER |
02018nam a22004932a 4500 |
| 001 |
001602036 |
| 003 |
CZ BrMZK |
| 005 |
20180124090814.0 |
| 007 |
ta |
| 008 |
171101s1968 xr er|||||||||||cze d |
| 015 |
|
|
|a cnb000996413
|
| 020 |
|
|
|q (Brož.)
|
| 035 |
|
|
|a (OCoLC)47949474
|
| 040 |
|
|
|a ABA001
|b cze
|d BOA001
|
| 043 |
|
|
|a e-xr---
|
| 045 |
|
|
|a w8x3
|
| 072 |
|
7 |
|a 821.162.3.09
|x Česká literatura (o ní)
|2 Konspekt
|9 11
|
| 080 |
|
|
|a 801.82
|2 MRF
|
| 080 |
|
|
|a 82:069
|2 MRF
|
| 080 |
|
|
|a 821.162.2-051
|2 MRF
|
| 080 |
|
|
|a 37.011.3-051
|2 MRF
|
| 080 |
|
|
|a (083.8)
|2 MRF
|
| 100 |
1 |
|
|a Krulichová, Marie,
|d 1940-2002
|7 js20030908005
|4 aut
|
| 245 |
1 |
0 |
|a Anna Řeháková (1850-1937), Eliška Řeháková (1846-1916) :
|b literární pozůstalost /
|c zpracovala Marie Formánková
|
| 246 |
3 |
|
|a Literární pozůstalost Anny a Elišky Řehákových
|
| 246 |
3 |
0 |
|a Eliška Řeháková (1846-1916)
|
| 260 |
|
|
|a Praha :
|b Literární archiv Památníku národního písemnictví v Praze,
|c 1968
|
| 300 |
|
|
|a 10 s. ;
|c 20 cm
|
| 490 |
1 |
|
|a Literární archív Památníku národního písemnictví v Praze. Edice inventářů ;
|v č. 194
|
| 500 |
|
|
|a 500 výt.
|
| 600 |
1 |
7 |
|a Řeháková, Anna,
|d 1850-1937
|7 jk01110037
|2 czenas
|
| 600 |
1 |
7 |
|a Řeháková, Eliška,
|d 1846-1916
|7 jk01110039
|2 czenas
|
| 610 |
2 |
7 |
|a Památník národního písemnictví.
|b Literární archiv
|7 kn20010709473
|2 czenas
|
| 648 |
|
7 |
|a 19.-20. století
|7 ch757015
|2 czenas
|
| 650 |
0 |
7 |
|a české spisovatelky
|7 ph128153
|y 19.-20. století
|2 czenas
|
| 650 |
0 |
7 |
|a pedagogové
|7 ph137912
|z Česko
|y 19.-20. století
|2 czenas
|
| 650 |
0 |
7 |
|a písemná pozůstalost
|7 ph220328
|2 czenas
|
| 650 |
0 |
7 |
|a literární pozůstalost
|7 ph119300
|2 czenas
|
| 655 |
|
7 |
|a soupisy
|7 fd133560
|2 czenas
|
| 830 |
|
0 |
|a Literární archiv (Památník národního písemnictví).
|p Edice inventářů
|0 s
|
| 910 |
|
|
|a BOA001
|b X-0635.285
|
| 990 |
|
|
|a BK
|
| 991 |
|
|
|b 201710
|
| 996 |
6 |
|
|b 2618917629
|c X-0635.285
|l MZK
|r Sklad / do 24 hodin
|n 1
|w 001637428
|u 000010
|a 1
|e BOA001
|j MZK50
|s P
|